000 00412nam a2200181Ia 4500
001 3136
005 20260306144858.0
008 260306t2012||||xx |||||||||||||| ||spa||
041 _aESP
082 _a261.1
_bR88
100 _aRoyo Marín, Antonio
_eAUT
245 0 _aTeología de la perfección cristiana
260 _c2012
300 _a
_c
650 _aGEN
654 _aCHU
942 _cLIB
_dJUS
_fJUS
_2ddc
_n
999 _c3136
_d3136